| 000 | 00875cab a2200229 4500 | ||
|---|---|---|---|
| 001 | X2520 | ||
| 008 | 090401t1995 xxu||||| |||| 00| 0 eng d | ||
| 035 | _a(Sirsi) u24792 | ||
| 041 | _aeng | ||
| 245 | _aBury Metropolitan BC`s application | ||
| 260 | _c1995 | ||
| 350 | _a0 | ||
| 490 |
_aPlanning Appeal Decisions _v(1995) 10 PAD 513-514 (2) |
||
| 520 | _aPublic Path Extinguishment Order - about 108m long - not needed for public use - extent of use - effect on land served by the path - fence to prevent access - use of path mainly connected with unauthorised use of nearby land - alternative satisfactory path nearby. | ||
| 650 | _aBURY METROPOLITAN BC | ||
| 650 | _aHIGHWAYS ACT 1980 | ||
| 650 | _aPUBLIC PATH EXTINGUISHMENT | ||
| 650 | _aUNAUTHORISED US EOF NEARBY LAND | ||
| 690 | _aPLANNING LAW AND PRACTICE-CASE LAW | ||
| 942 | _n0 | ||
| 948 | _c04/03/1997 | ||
| 999 |
_c16631 _d16631 |
||